| 000 | 00915nam a22002417a 4500 | ||
|---|---|---|---|
| 999 |
_c15439 _d15439 |
||
| 003 | AR-CdUCM | ||
| 008 | 190427b ||||| |||| 00| 0 spa d | ||
| 040 |
_aMUNICIPALIDAD PROVINCIAL DEL CUSCO _cBIBLIOTECA MUNICIPAL DEL CUSCO |
||
| 082 |
_a985.033 / _bC79 / 1963 |
||
| 100 |
_aCornejo Bouroncle, Jorge. _915278 |
||
| 245 |
_aTupac Amaru : _bla revolución precursora de la emancipación continental / |
||
| 260 |
_aCuzco : _bH.G. Rozas _c1963. |
||
| 300 |
_a649 paginas ; _c25 cm. |
||
| 505 | _aContenido : El medio social -- Los movimientos precursores -- Tupac Amaru -- La sublevación general -- Chayanta -- Campaña de tinta... | ||
| 650 |
_aRebelion _93924 |
||
| 650 |
_aSublevación _922002 |
||
| 650 |
_aTupac Amaru _9623 |
||
| 650 |
_aCusco _9772 |
||
| 650 |
_aTinta _922001 |
||
| 710 |
_aUniversidad Nacional San Antonio Abad del Cusco _927266 |
||
| 942 |
_2ddc _cLIBROS |
||
| 945 |
_awnts _d2019-04-27 |
||